Το συνταγματικό πλαίσιο του θεσμού της τοπικής αυτοδιοίκησης

Αποθηκεύτηκε σε:
Λεπτομέρειες βιβλιογραφικής εγγραφής
Κύριος συγγραφέας: Μπεσίλα-Βήκα, Ευρυδίκη
Μορφή: Βιβλίο
Γλώσσα:Greek
Δημοσίευση: Αθήνα : Σάκκουλας, 1994
Θέματα:
Ετικέτες: Προσθήκη ετικέτας
Δεν υπάρχουν, Καταχωρήστε ετικέτα πρώτοι!

MARC

LEADER 00000cam a2200000 i 4500
001 1/59702
008 020327s1994 gre d
020 |a 960-350-021-6 
035 |l 10000545 
040 |a GR-MY-UA  |b gre  |e aacr 
041 0 |a gre 
082 0 |a 342.495 
100 1 |a Μπεσίλα-Βήκα, Ευρυδίκη. 
245 1 3 |a Το συνταγματικό πλαίσιο του θεσμού της τοπικής αυτοδιοίκησης /  |c Ευριδίκης Μπεσίλα-Βήκα 
260 |a Αθήνα :   |b Σάκκουλας,   |c 1994 
300 |a 246 σ. 
504 |a Περιέχει βνιβλιογραφία 
650 0 0 |a Constitutional law  |z Greece. 
650 0 0 |a Constitutional law. 
650 0 0 |a Local government  |x Law and legislation  |z Greece. 
852 |a INST  |b CHIOS  |e 20020327  |h 342.495 ΜΠΕ  |p 005200019899  |q 005200019899  |t BK  |y 0 
901 |a BIBL2-2002-1 
909 |a Χ  |b 099844 
970 |a ΣΠΕΝΤΖΑ  |b ΕΛΕΝΗ  |z 2002/03/27